Пропуск в контексте

Экология и охрана окружающей среды: законы и реалии в США и России = Ecology and Edvironment Protection: Laws and Practices USA and Russia Монография

Монография посвящена сравнительному анализу действующего природоохранного законодательства и практики его применения в России и США. В работе выдвинут ряд теоретических положений и вносятся предложения по совершенствованию правовой охраны окружающей прирoдной среды в России. Книга расчитана на научн...

Fuld beskrivelse

Сохранить в:
Bibliografiske detaljer
Hovedforfatter: Брославский Л.И
Format: Монография
Udgivelse:1
Serier:Научная мысль
Online adgang:https://znanium.com/catalog/document?id=47782
https://znanium.com/cover/0923/923200.jpg
Tags: Tilføj Tag
Ingen Tags, Vær først til at tagge denne postø!
LEADER 03184nam0a2200325 i 4500
001 RU\infra-m\znanium\bibl\923200
003 https://znanium.com/catalog/document?id=47782
005 20211013000000.0
010 |a 978-5-16-006099-6 
010 |a 978-5-16-100400-5  |b электр. издание 
100 |a 20211013d2017 m y0rusy0150 ca 
101 0 |a rus 
102 |a RU 
200 1 |a Экология и охрана окружающей среды: законы и реалии в США и России = Ecology and Edvironment Protection: Laws and Practices USA and Russia  |e Монография 
205 |a 1 
210 1 |a Москва  |c ООО "Научно-издательский центр ИНФРА-М"  |d 2018 
215 |a 317 с. 
225 1 |a Научная мысль 
330 |a Монография посвящена сравнительному анализу действующего природоохранного законодательства и практики его применения в России и США. В работе выдвинут ряд теоретических положений и вносятся предложения по совершенствованию правовой охраны окружающей прирoдной среды в России. Книга расчитана на научных работников преподавателей вузов студентов аспирантов политических деятелей работников федеральных региональных и муниципальных органов власти и управления контролирующих и правоохранительных органов специалистов промышленности транспорта строительства коммунально-бытового обслуживания и других отраслей экономики бизнесменов стремящихся найти новые cферы предприниматeльской деятельности а также широкого круга читателей интересующихся этой проблематикой и желающих принять активное участие в общеcтвенном экологическом движении. 
333 |a Дополнительное профессиональное образование 
606 |a Право. Юридические науки  |x Экологическое право  |2 local 
608 |a Монография  |2 local 
675 |a 504(075.4)  |z rus 
686 |a 20.18:67.407  |2 rubbk 
686 |a 40.03.01  |2 okso 
686 |a 40.04.01  |2 okso 
700 1 |a Брославский  |b Л.И.  |g Лазарь Израилевич 
801 0 |a RU  |b Общество с ограниченной ответственностью «ЗНАНИУМ»  |c 20170713  |2 rusmarc 
856 4 |a znanium.com  |m ebs_support@infra-m.ru  |n НИЦ ИНФРА-М  |u https://znanium.com/catalog/document?id=47782 
856 4 1 |a znanium.com  |d /cover/0923  |f 923200.jpg  |q image/jpeg  |u https://znanium.com/cover/0923/923200.jpg